[Event "Blagny op 4th"]
[Site "Blagny"]
[Date "2012.04.09"]
[Round "5.10"]
[White "Delloque, Remi"]
[Black "Marini, Franck"]
[Result "1-0"]
[WhiteElo "1514"]
[BlackElo "1591"]
[PlyCount "125"]
[EventDate "2012.03.??"]
[EventType "swiss"]
[EventRounds "6"]
[EventCountry "FRA"]
[SourceTitle "EXT 2014"]
[Source "ChessBase"]
[SourceDate "2013.11.20"]
[SourceVersion "1"]
[SourceVersionDate "2013.11.20"]
[SourceQuality "1"]

1. e4 c6 2. d4 d5 3. Nc3 dxe4 4. Nxe4 Bf5 5. Ng3 Bg6 6. Nf3 Nd7 7. Bf4 e6 8. Bd3 Bxd3 9. Qxd3 Ngf6 10. 0-0 Be7 11. Rfe1 Nd5 12. Bd2 Qc7 13. Rac1 Bd6 14. Ne4 0-0-0 15. Nxd6+ Qxd6 16. Ne5 Nxe5 17. dxe5 Qc5 18. Qf3 Rhf8 19. a3 f6 20. c4 fxe5 21. Qg3 Qd4 22. cxd5 Qxd2 23. dxe6 Rd5 24. f3 Qf4 25. e7 Re8 26. Qxg7 Rd7 27. Qxh7 Rdxe7 28. Qh3+ Kb8 29. Rcd1 Re6 30. Qh7 Rh6 31. g3 Qxg3+ 32. hxg3 Rxh7 33. g4 Kc7 34. Kg2 Rd7 35. Kg3 Rd6 36. g5 Rde6 37. Kg4 e4 38. fxe4 Rxe4+ 39. Rxe4 Rxe4+ 40. Kf3 Re6 41. Kf4 Rd6 42. Rxd6 Kxd6 43. g6 Ke7 44. g7 Kf7 45. Ke5 b6 46. Kd6 c5 47. Kc6 Kxg7 48. Kb7 Kf6 49. Kxa7 b5 50. Kb6 b4 51. axb4 cxb4 52. Kb5 Ke7 53. Kxb4 Kd7 54. Kb5 Kc7 55. b3 Kb7 56. b4 Ka7 57. Kc6 Kb8 58. b5 Ka7 59. Kc7 Ka8 60. Kb6 Kb8 61. Ka6 Ka8 62. b6 Kb8 63. b7 1-0

[Event "Blagny op 4th"]
[Site "Blagny"]
[Date "2012.04.07"]
[Round "2.8"]
[White "Regnier, Cedric"]
[Black "Delloque, Remi"]
[Result "1-0"]
[WhiteElo "1710"]
[BlackElo "1514"]
[PlyCount "91"]
[EventDate "2012.03.??"]
[EventType "swiss"]
[EventRounds "6"]
[EventCountry "FRA"]
[SourceTitle "EXT 2014"]
[Source "ChessBase"]
[SourceDate "2013.11.20"]
[SourceVersion "1"]
[SourceVersionDate "2013.11.20"]
[SourceQuality "1"]

1. d4 d5 2. c4 e6 3. Nc3 Nf6 4. Nf3 Bb4 5. e3 b6 6. Qa4+ Nc6 7. Ne5 b5 8. Qxb5 Rb8 9. Qxc6+ Bd7 10. Nxd7 Nxd7 11. Qa4 0-0 12. cxd5 exd5 13. Bd3 c5 14. 0-0 c4 15. Bf5 Rb7 16. Bxd7 Qxd7 17. Qxd7 Rxd7 18. a3 Ba5 19. f3 Re8 20. Rd1 f5 21. Rb1 Rb7 22. Nxd5 c3 23. Rd3 Rc8 24. b4 c2 25. Rb2 Bd8 26. Rc3 Rxc3 27. Nxc3 Bg5 28. Rxc2 Rc7 29. Kf2 Be7 30. Bb2 Bd6 31. h3 Kf7 32. Re2 f4 33. exf4 Rd7 34. Re4 Kf6 35. Nd5+ Kf5 36. g4+ Kg6 37. Ne3 Rf7 38. Re6+ Rf6 39. Rxf6+ Kxf6 40. d5+ Ke7 41. Nf5+ Kd7 42. Nxd6 Kxd6 43. Bxg7 Kxd5 44. Ke2 Kc4 45. Ke3 Kb3 46. f5 1-0